<?xml version="1.0" encoding="UTF-8"?>
<record
    xmlns:xsi="http://www.w3.org/2001/XMLSchema-instance"
    xsi:schemaLocation="http://www.loc.gov/MARC21/slim http://www.loc.gov/standards/marcxml/schema/MARC21slim.xsd"
    xmlns="http://www.loc.gov/MARC21/slim">

  <leader>01266nam a2200241 a 4500</leader>
  <controlfield tag="001">BRCA_8785</controlfield>
  <controlfield tag="005">20190320210417.0</controlfield>
  <controlfield tag="008">170417s1754----sp-a######---#000-0#spa-#</controlfield>
  <datafield tag="041" ind1=" " ind2=" ">
    <subfield code="a">spa</subfield>
  </datafield>
  <datafield tag="044" ind1=" " ind2=" ">
    <subfield code="a">sp</subfield>
  </datafield>
  <datafield tag="084" ind1=" " ind2=" ">
    <subfield code="a">BE164</subfield>
    <subfield code="b">.P58 1754</subfield>
  </datafield>
  <datafield tag="100" ind1="1" ind2=" ">
    <subfield code="a">Pluche, N&#xF6;el Antoine</subfield>
    <subfield code="d">1688 - 1761</subfield>
    <subfield code="9">21346</subfield>
  </datafield>
  <datafield tag="245" ind1="1" ind2="0">
    <subfield code="a">Espect&#xE1;culo de la naturaleza, o conversaciones de la historia natural, que han parecido m&#xE1;s a prop&#xF3;sito para exercitar una curiosidad &#xFA;til, y formarles la raz&#xF3;n &#xE0; los j&#xF3;venes lectores</subfield>
    <subfield code="b">parte sexta, que contiene lo que pertenece al hombre en sociedad</subfield>
    <subfield code="c">escrito en el idioma franc&#xE9;s por el Abad . Pluche, y traducido al castellano por el P. Estevan de Terreros...</subfield>
  </datafield>
  <datafield tag="260" ind1=" " ind2=" ">
    <subfield code="a">Madrid</subfield>
    <subfield code="b">En la Oficina de D. Gabriel Ram&#xED;rez</subfield>
    <subfield code="c">1754</subfield>
  </datafield>
  <datafield tag="300" ind1=" " ind2=" ">
    <subfield code="a">[2], 240 p. (t.12)</subfield>
    <subfield code="b">il. 30 h. plegables</subfield>
    <subfield code="c">20.2 x 14.2 cm.</subfield>
  </datafield>
  <datafield tag="500" ind1=" " ind2=" ">
    <subfield code="a">En portada: Dedicado a la Reyna Nuestra Se&#xF1;ora Do&#xF1;a Mar&#xED;a B&#xE1;rbara</subfield>
  </datafield>
  <datafield tag="500" ind1=" " ind2=" ">
    <subfield code="a">Estado f&#xED;sico: presenta encuadernaci&#xF3;n en pergamino, con cintas rotas y algunos cuadernillos desprendidos</subfield>
  </datafield>
  <datafield tag="505" ind1="0" ind2=" ">
    <subfield code="a">Contiene lo que pertenece al hombre en sociedad</subfield>
  </datafield>
  <datafield tag="650" ind1="1" ind2="4">
    <subfield code="a">Ciencias naturalez</subfield>
    <subfield code="y">Obras anteriores a 1800</subfield>
    <subfield code="9">21899</subfield>
  </datafield>
  <datafield tag="700" ind1="1" ind2=" ">
    <subfield code="a">Terreros y Pando, Estevan de</subfield>
    <subfield code="d">1707 - 1782</subfield>
    <subfield code="e">tr.</subfield>
    <subfield code="9">21900</subfield>
  </datafield>
  <datafield tag="902" ind1=" " ind2=" ">
    <subfield code="a">CFM</subfield>
  </datafield>
  <datafield tag="942" ind1=" " ind2=" ">
    <subfield code="2">lcc</subfield>
    <subfield code="c">B</subfield>
  </datafield>
  <datafield tag="999" ind1=" " ind2=" ">
    <subfield code="c">8436</subfield>
    <subfield code="d">8436</subfield>
  </datafield>
  <datafield tag="952" ind1=" " ind2=" ">
    <subfield code="0">0</subfield>
    <subfield code="1">0</subfield>
    <subfield code="4">0</subfield>
    <subfield code="7">0</subfield>
    <subfield code="a">BRCA</subfield>
    <subfield code="b">BRCA</subfield>
    <subfield code="d">2017-04-17</subfield>
    <subfield code="l">0</subfield>
    <subfield code="o">BE164 .P58 1754</subfield>
    <subfield code="p">CFM00112</subfield>
    <subfield code="r">2019-03-22 00:00:00</subfield>
    <subfield code="w">2019-03-22</subfield>
    <subfield code="y">B</subfield>
  </datafield>
</record>
